Sexualität und gewalt oder: natur und kunst

Bewaard in:
Bibliografische gegevens
Hoofdauteur: Paglia, Camille
Formaat: Boek
Taal:Undetermined
Gepubliceerd in: Berlín, Alemania Deutscher Taschenbuch 1996
Onderwerpen:
Tags: Voeg label toe
Geen labels, Wees de eerste die dit record labelt!

MARC

LEADER 00000nam a2200000Ia 4500
008 170316s9999 xx 000 0 und d
090 |a 100 P-2.2s 
100 |a Paglia, Camille 
245 |a Sexualität und gewalt oder: natur und kunst 
260 |a Berlín, Alemania 
260 |b Deutscher Taschenbuch 
260 |c 1996 
300 |a 125 páginas 
650 |a FILOSOFÍA 
650 |a PSICOANÁLISIS 
650 |a ESTÉTICA 
999 |c 17255  |d 17255 
040 |a cru BVZT 
942 |c 15 D  |h 100 P-2.2s  |2 z